000
00377nam a22001697a 4500
003
MPLRDC
005
20220104145808.0
008
210129b ||||| |||| 00| 0 eng d
082
_a
868.71 ZJ
100
_a
张句
245
_a
院落
_c
250
_a
初版
260
_a
_b
椰子屋设计室
_c
1999
300
_b
平
650
_a
马华文学
942
_c
BK
_o
868.71 ZJ
999
_c
51521
_d
51511